00360nam a2200133 a 450000500170000000800410001702000150005805000240007310000210009724500230011826000520014130000210019365000120021420140310183507.0100918s19uu xx 00 eng d a0373287569 aPN 6071b.C489 1993 aChastain, Sandra aJasmine and silk / aToronto, Canada :bHarlequin Historical,c1993. a301 p. :c18 cm. aFiction